| 000 | 02044cam a22004574i 4500 | ||
|---|---|---|---|
| 003 | PE-LiUPU | ||
| 005 | 20250731165409.0 | ||
| 008 | 151019s2012 pe a grm 000 0 spa d | ||
| 035 | _a(Sirsi) a154927 | ||
| 040 |
_aPE-LiUPU _bspa _cPE-LiUPU _erda |
||
| 099 |
_aTEF 2 _bC25 2012 |
||
| 100 | 1 |
_aCapcha Flores, Inés Milca _eautor |
|
| 245 | 1 |
_aPercepción de los pacientes sobre la calidad del cuidado invisible del profesional de enfermería de los servicios de Medicina y Cirugía del Hospital II de Vitarte - Red Asistencial Almenara -2011 / _cInés Milca Capcha Flores. |
|
| 264 | 0 | _c2012. | |
| 300 |
_a104 hojas : _bilustraciones; _c30 cm |
||
| 336 |
_atext _2rdacontent |
||
| 337 |
_aunmediated _2rdamedia |
||
| 338 |
_avolume _2rdacarrier |
||
| 502 |
_aTesis _b(Lic.) -- _cUniversidad Peruana Unión, _d2012. |
||
| 504 | _aIncluye referencias | ||
| 520 | 3 | _aEl presente estudio realizado tiene como objetivo determinar la percepción de los pacientes sobre la calidad del cuidado invisible del profesional de enfermería de los servicios de Medicina y Cirugía del "Hospital II de Vitarte - Red Asistencial Almenara". El estudio corresponde a un diseño no experimental de tipo cuantitativo, descriptivo y transversal. La muestra estuvo conformada por 62 pacientes del servicio de Medicina y Cirugía, se utilizó un muestreo no probabilístico intencional, donde se aplicó el instrumento cumpliendo los criterios de inclusión y exclusión. | |
| 526 | _aSEG44 | ||
| 526 | _aSEG26 | ||
| 526 | _aP151 | ||
| 526 | _aP150 | ||
| 526 | _aP149 | ||
| 526 | _aP146 | ||
| 526 | _aP145 | ||
| 526 | _aP126 | ||
| 526 | _aP125 | ||
| 526 | _aP92 | ||
| 526 | _aP75 | ||
| 526 | _aP74 | ||
| 526 | _aP27 | ||
| 526 | _aP15 | ||
| 650 | 0 | 4 |
_aEnfermería _xCalidad. |
| 700 | 1 |
_aHinostroza Figueroa, Jenny Raquel _autor |
|
| 596 | _a1 | ||
| 942 |
_2ddc _cTESIS |
||
| 999 |
_aTEF 2 C25 2012 _wALPHANUM _c7619 _iT01293 _lCCODEBUL3 _mBUL _r1 _sY _tTESIS _u2015-10-19 _xSALUD _PP22 _o.STAFF. Tesis _d7619 |
||
| 980 |
_81 _gALBERTO SANCHEZ Responsable de Automatización |
||